Manual of audit instructions (Record no. 500663)

000 -LEADER
fixed length control field 00270cam a22000977a 4500
008 - FIXED-LENGTH DATA ELEMENTS--GENERAL INFORMATION
fixed length control field 180718b1951 xxu||||| |||| 00| 0 eng d
082 ## - DEWEY DECIMAL CLASSIFICATION NUMBER
Classification number L9x54 In2m/1950
245 ## - TITLE STATEMENT
Title Manual of audit instructions
260 ## - PUBLICATION, DISTRIBUTION, ETC.
Place of publication, distribution, etc. Delhi
Name of publisher, distributor, etc. The Manager Govt. of India Press
Date of publication, distribution, etc. 1951
300 ## - PHYSICAL DESCRIPTION
Extent 85+p.
Holdings
Withdrawn status Lost status Damaged status Not for loan Permanent Location Current Location Date acquired Full call number Barcode Date last seen Price effective from Koha item type
        Indian Institute of Public Administration Indian Institute of Public Administration 2018-08-04 L9x54 In2m/1950 GG5702 2018-08-04 2018-08-04 GG

Powered by Koha